000 00315nam a22001457a 4500
008 210224b ||||| |||| 00| 0 eng d
020 _a9780136116745
041 _aeng
080 _a72
082 _a72
100 _a41
101 _aARK
245 _aNetwork Computing Architecture
_cZahn,L
942 _2udc
_cBK
999 _c55163
_d55163